Impact of weeds and comparative studies of legumes natural covers in rubber plantations (Record no. 60780)

MARC details
000 -LEADER
fixed length control field 00538nam a2200145Ia 4500
100 ## - MAIN ENTRY--AUTHOR NAME
Personal name George S
245 #0 - TITLE STATEMENT
Title Impact of weeds and comparative studies of legumes natural covers in rubber plantations
260 ## - PUBLICATION, DISTRIBUTION, ETC. (IMPRINT)
Name of publisher Biennial Conference on Weed Threat to Agriculture, Biodiversity and Environment, 19-20 April 2012, Kerala Agricultural University, Thrissur, India, p. 105.
650 ## - SUBJECT ADDED ENTRY--TOPICAL TERM
Topical Term Legume cover
650 ## - SUBJECT ADDED ENTRY--TOPICAL TERM
Topical Term Rubber plantation
650 ## - SUBJECT ADDED ENTRY--TOPICAL TERM
Topical Term Weeds
856 ## - ELECTRONIC LOCATION AND ACCESS
Uniform Resource Identifier Ref only
942 ## - ADDED ENTRY ELEMENTS (KOHA)
Koha item type Journals
Holdings
Withdrawn status Lost status Damaged status Not for loan Home library Current library Shelving location Date acquired Koha item type
      Journals RRII Library RRII Library Agronomy 17/12/2021 Journals